| 000 | 01202nam2a2200217 4500 | ||
|---|---|---|---|
| 001 | rc\2855161 | ||
| 005 | 20260315070825.0 | ||
| 035 | _a(NLR Aleph) 007203564 | ||
| 090 |
_a13628356 _c13628356 |
||
| 100 | _a20110706d1929 u y0rusy50 ca | ||
| 101 | 0 | _arus | |
| 102 | _aRU | ||
| 105 | _ay z ||||| | ||
| 200 | 1 |
_aПути развития Донецкого бассейна _eВып. 1 |
|
| 210 | _d1929 | ||
| 461 | 0 |
_1001rc\2855159 _12001#$aСерия планово-экономических изданий$eКн. 8-$fВсесоюз. объединение камаенноугольной пром. "Союзуголь". Научно-издателькое бюро$v[Кн. 5] _97645554 _a"Союзуголь", всесоюзное объединение. Книгоиздательское бюро _c[Харьков] _d1930 _fВсесоюз. объединение камаенноугольной пром. "Союзуголь". Научно-издателькое бюро _nСоюзуголь _oКн. 8- _tСерия планово-экономических изданий _v[Кн. 5] |
|
| 801 | 0 |
_aRU _bNLR _gpsbo |
|
| 801 | 1 |
_aRU _bELAR _2rusmarc |
|
| 852 |
_aNLR _j79/567 |
||
| 942 | _cUNSPEC | ||
| 980 | _aNB | ||